Обобщение и систематизация производственно-технической отчетности по предприятиям и объединениям (Запись № 3210506)

Подробности
000 -МАРКЕР
контрольное поле 12205nas1a22006971i 4500
001 - ИДЕНТИФИКАТОР ЗАПИСИ
контрольное поле RU\NLR\INFOCOMM44\1000036612
005 - ИДЕНТИФИКАТОР ВЕРСИИ
контрольное поле 20240726011437.0
035 ## - ДРУГИЕ СИСТЕМНЫЕ НОМЕРА
Идентификатор записи (NLR Aleph) 002573461
100 ## - ДАННЫЕ ОБЩЕЙ ОБРАБОТКИ
Данные общей обработки 20040609c1972 |||y0rusy50 ca
101 0# - ЯЗЫК РЕСУРСА
Язык текста, звукозаписи и т.д. русский
102 ## - СТРАНА ПУБЛИКАЦИИ ИЛИ ПРОИЗВОДСТВА
Страна публикации Российская Федерация
110 ## - ПОЛЕ КОДИРОВАННЫХ ДАННЫХ: ПРОДОЛЖАЮЩИЕСЯ РЕСУРСЫ
Кодированные данные продолжающегося ресурса zyu||||0|y0
200 1# - ЗАГЛАВИЕ И СВЕДЕНИЯ ОБ ОТВЕТСТВЕННОСТИ
Основное заглавие Обобщение и систематизация производственно-технической отчетности по предприятиям и объединениям
Первые сведения об ответственности ЦНИИ экономики и науч.-техн. информ. угол. пром-сти. ЦНИЭИ уголь
210 ## - ПУБЛИКАЦИЯ, РАСПРОСТРАНЕНИЕ И ДР.
Дата издания, распространения и т.д. 1972-
300 ## - ОБЩИЕ ПРИМЕЧАНИЯ
Текст примечания До 1971 (1972) выходило два изд.: Угольная промышленность СССР. Т.1. Показатели по республикам, бассейнам и комбинатам (шифры разные) и Угольная промышленность СССР. Т.2. Показатели по предприятиям (шифры разные)
300 ## - ОБЩИЕ ПРИМЕЧАНИЯ
Текст примечания Выходит в 4-х т.: Т. Производство, труд, себестоимость, рентабельность производства, стоимость основных фондов, ввод мощностей; Т.2. Горные работы, механизация и показатели по сланцевой промышленности; Т.3 Показатели по шахтам и разрезам; Т.4. Показатели по обогатительным и брикетным фабрикам; С 1981 (1982) выходит в 5-ти т.; Т.1. Производство, труд, себестоимость, рентабельность производства, стоимость основных фондов, ввод мощностей, промышленный, железнодорожный транспорт; Т.2 Горные работы и механизация по угольным шахтам.-
300 ## - ОБЩИЕ ПРИМЕЧАНИЯ
-- ^^
Текст примечания Показатели по сланцевой промышленности; Т.3. Показатели по шахтам; Т.4. Показатели по открытым; Т.5. Показатели по обогатительным и брикетным фабрикам; С 1988 (1989) выходит в 6-ти т.: Т.1. Производство, труд, себестоимость, рентабельность производства, ввод мощностей; Т.2. Горные работы и механизация по угольным шахтам, показатели по сланцевой промышленности; Т.3. Показатели по шахтам; Т.4 Показатели по открытым работам; Т.5. Показатели по обогатительным брикетным фабрикам; Т.6.-
300 ## - ОБЩИЕ ПРИМЕЧАНИЯ
-- ^^
Текст примечания Производство, прогрессивная технология, капитальное строительство, труд и заработная плата, себестоимость и прибыль, финансовая деятельность, фонды экономического стимулирования; с 1989 (1990) выходит в 7т.: ... Т.6.-
300 ## - ОБЩИЕ ПРИМЕЧАНИЯ
-- ^^
Текст примечания Производство, прогрессивная технология, капитальное строительство, труд и социальное развитие, себестоимость и прибыль, финансовая деятельность, фонды экономического стимулирования, основные средства; Т.7: Производство, прогрессивная технология капитальное строительство, труд и социальное развитие, себестоимость и прибыль, основные средства (на обл. Ремонтномеханические и рудоремонтные заводы, шахтостроительные и прочие организации отрасли "Машиностроение")
300 ## - ОБЩИЕ ПРИМЕЧАНИЯ
Текст примечания На обл. загл.: Угольная промышленность СССР
300 ## - ОБЩИЕ ПРИМЕЧАНИЯ
Текст примечания В надзаг. также: М-во угол. пром-сти СССР
430 #1 - ПРОДОЛЖЕН
Встроенное поле 2001#$aТема №... Технико-экономический анализ и статистический отчет о работе угольной и сланцевой промышленности СССР$hЭтап 4.$iСистематизация сводных технико-экономических показателей по предприятиям, комбинатам, республикам и Минуглепрому СССР
Заглавие Тема №... Технико-экономический анализ и статистический отчет о работе угольной и сланцевой промышленности СССР
430 #1 - ПРОДОЛЖЕН
Встроенное поле 2001#$aТехнико-экономический анализ и статистический отчет о работе угольной и сланцевой промышленности СССР$iСистематизация сводных технико-экономических показателей по предприятиям, комбинатам, республикам и Минуглепрому СССР
Заглавие Технико-экономический анализ и статистический отчет о работе угольной и сланцевой промышленности СССР
430 #1 - ПРОДОЛЖЕН
Встроенное поле 2001#$aТехнико-экономический анализ работы угольной промышленности СССР$iОбобщение и систематизация производственно-технической отчетности по предприятиям и объединениям
Заглавие Технико-экономический анализ работы угольной промышленности СССР
440 #1 - ПРОДОЛЖАЕТСЯ ПОД ...
Встроенное поле 2001#$aОтчет о производственно-хозяйственной деятельности предприятий угольного машиностроения
Заглавие Отчет о производственно-хозяйственной деятельности предприятий угольного машиностроения
440 #1 - ПРОДОЛЖАЕТСЯ ПОД ...
Встроенное поле 2001#$aАнализ технико-экономических показателей производственно-хозяйственной деятельности предприятий угольного машиностроения
Заглавие Анализ технико-экономических показателей производственно-хозяйственной деятельности предприятий угольного машиностроения
440 #1 - ПРОДОЛЖАЕТСЯ ПОД ...
Встроенное поле 2001#$aТехнико-экономический анализ основных показателей производственно-хозяйственной деятельности ремонтномеханических и рудоремонтных заводов
Заглавие Технико-экономический анализ основных показателей производственно-хозяйственной деятельности ремонтномеханических и рудоремонтных заводов
517 1# - ДРУГИЕ ВАРИАНТЫ ЗАГЛАВИЯ
Вариант заглавия Угольная промышленность СССР
801 #1 - ИСТОЧНИК ЗАПИСИ
Страна Российская Федерация
Организация InfoComm
Дата составления 20040609
801 #0 - ИСТОЧНИК ЗАПИСИ
Страна Российская Федерация
Организация NLR
Правила каталогизации PSBO
852 ## - МЕСТОНАХОЖДЕНИЕ И ШИФР ХРАНЕНИЯ
Идентификатор организации NLR
Шифр хранения (Call Number) П23/2921
931 ## - ПРИМЕЧАНИЕ ОБ ИЗМЕНЕНИИ ЗАГЛАВИЯ
-- ^^
931 ## - ПРИМЕЧАНИЕ ОБ ИЗМЕНЕНИИ ЗАГЛАВИЯ
-- ^^
931 ## - ПРИМЕЧАНИЕ ОБ ИЗМЕНЕНИИ ЗАГЛАВИЯ
-- ^^
931 ## - ПРИМЕЧАНИЕ ОБ ИЗМЕНЕНИИ ЗАГЛАВИЯ
-- ^^
942 ## - ДОПОЛНИТЕЛЬНЫЕ ЭЛЕМЕНТЫ ЗАПИСИ (АБИС)
Тип экземпляра АБИС Продолжающееся издание
980 ## - КОЛЛЕКЦИЯ
Название коллекции Русская периодика

Нет доступных экземпляров.